О влиянии параметров контура на процесс электрического взрыва проволочек; Известия вузов. Физика; № 4

Detalhes bibliográficos
Parent link:Известия вузов. Физика=Russian Physics Journal.— , 1958-2017, 2020-.— 0021-3411
№ 4.— 1965.— С. 39-45
Autor principal: Мельников М. А. Михаил Алексеевич
Outros Autores: Барченко Т. Н.
Idioma:russo
Publicado em: 1965
Assuntos:
Formato: MixedMaterials Capítulo de Livro
KOHA link:https://koha.lib.tpu.ru/cgi-bin/koha/opac-detail.pl?biblionumber=592397

MARC

LEADER 00000naa2a2200000 4500
001 592397
005 20231101131716.0
035 |a (RuTPU)RU\TPU\tpu\4352 
035 |a TPU00004352 
090 |a 592397 
100 |a 20011210a1965 k y0rusy50 ca 
101 0 |a rus 
102 |a RU 
200 1 |a О влиянии параметров контура на процесс электрического взрыва проволочек  |f М. А. Мельников, Т. Н. Барченко 
320 |a Библиогр.: 6 назв. 
461 0 |0 (RuTPU)RU\TPU\prd\191  |x 0021-3411  |t Известия вузов. Физика  |l Russian Physics Journal  |d 1958-2017, 2020- 
463 0 |0 (RuTPU)RU\TPU\prd\76659  |t № 4  |v С. 39-45  |d 1965 
610 1 |a электрофизика 
610 1 |a проволочки 
610 1 |a электрические взрывы 
610 1 |a контуры 
610 1 |a труды учёных ТПУ 
700 1 |a Мельников  |b М. А.  |c российский ученый  |c профессор кафедры электроснабжения Томского политехнического университета  |c Заслуженный профессор Томского политехнического университета  |f 1928-  |g Михаил Алексеевич  |2 stltpush  |3 (RuTPU)RU\TPU\pers\19839 
701 1 |a Барченко  |b Т. Н. 
801 0 |a RU  |b 63413507  |c 20011210  |g PSBO 
801 2 |a RU  |b 63413507  |c 20220729  |g PSBO 
942 |c BK